LEADER 00903nam a2200253 i 4500 001 991001735259707536 005 20020503153029.0 008 001103s1971 it ||| | ita 035 $ab10265491-39ule_inst 035 $aEXGIL90649$9ExL 040 $aBiblioteca Interfacoltà$bita 082 0 $a338.9 100 1 $aPerrotta, Cosimo$0465580 245 12$aL'aiuto al terzo mondo :$bcritica di un'ideologia /$cCosimo Perrotta 260 $aBari :$bDe Donato,$c1971 300 $a173 p. ;$c21 cm. 490 0 $aIdeologia e società 650 4$aPaesi in via di sviluppo$xPolitica economica 907 $a.b10265491$b17-02-17$c27-06-02 912 $a991001735259707536 945 $aLE002 St. X B 20$g1$i2002000696106$lle002$o-$pE0.00$q-$rl$s- $t0$u0$v0$w0$x0$y.i10316620$z27-06-02 996 $aAiuto al terzo mondo$9211659 997 $aUNISALENTO 998 $ale002$b01-01-00$cm$da $e-$fita$git $h2$i1